=LDR 00000nam 2200000 4500 =001 NUTBA000000000003658 =005 20201201093053 =035 ##$$a 0010-081400000000503 =008 201201################g##########0#ind## =020 ##$$a 978-979-29-3041-2 =040 ##$$a NBPDMAT =090 ##$$a 330.015 195 $b Ded e =100 ##$$a Dedi Rosadi =245 1#$$a Ekonometrika dan analisis runtun waktu terapan dengan evrews /$c Dedi Rosadi ; editor, FI - Sigit Suyantoro =260 ##$$a Yogyakarta :$b Andi,$c 2012 =300 ##$$a x, 302 hlm : $b Ilus ; $c 23 x 16 cm =650 #4$$a Ekonomitri =700 #$$a FI - Sigit Suyantoro =850 ##$$a NBPDMAT =082 ##$$a 330.015 195 =084 ##$$a 330.015 195 DED e =520 ##$$a Bibliografi: hal 299 =990 ##$$a 21404500 =990 ##$$a 21404497 =990 ##$$a 21404498 =990 ##$$a 21404499 =990 ##$$a 21404497 =990 ##$$a 21404500 =990 ##$$a 21404498 =990 ##$$a 21404499